| 000 | 00599nam a22002057a 4500 | ||
|---|---|---|---|
| 999 |
_c18209 _d18209 |
||
| 003 | AR-CdUCM | ||
| 008 | 190513b ||||| |||| 00| 0 spa d | ||
| 020 | _a968-413-163-1 | ||
| 040 |
_aMUNICIPALIDAD PROVINCIAL DEL CUSCO _cBIBLIOTECA MUNICIPAL DEL CUSCO |
||
| 082 |
_a331.88 / _bK76 |
||
| 100 |
_aKorczak, Janusz. _938673 |
||
| 245 | _aEl rey Matias I / | ||
| 260 |
_aMéxico : _bEspasa Calpe, _c1987. |
||
| 300 |
_a263 páginas ; _c19 cm. |
||
| 440 |
_aAustral juvenil. _938376 |
||
| 650 |
_aHistorietas. _910786 |
||
| 650 |
_aReyes. _930226 |
||
| 942 |
_2ddc _cLIBROS |
||
| 945 |
_arum _d2019-05-13 |
||